000 004260000a22001810004500
003 MACL
005 20150912135208.0
008 150912b xxu||||| |||| 00| 0 eng d
040 _aMACL
_cMACL
041 _aEnglish
082 _a823
100 _aAmman , Mir
_910347
245 _aA Tale Of Four Dervishes
260 _aNew Delhi
_bPenguin Books
_c1994
350 _a100
650 _aFiction
_910348
942 _cBK
_k823
_2ddc
999 _c3033
_d3033